000 00412nam a2200169Ia 4500
001 8008
003 IN-NITTTR
005 20251114233033.0
008 251113s9999||||xx |||||||||||||| ||eng||
040 _beng
040 _cIN-NITTTR
041 _aeng
082 _a378.12 M612D
100 _aMiller, Richard I.
245 0 _aDeveloping programs for faculty evaluation /
_cMiller, Richard I.
942 _2ddc
_cBK
999 _c10646
_d10646